| 000 | 00529nam a2200193Ia 4500 | ||
|---|---|---|---|
| 005 | 20250508151509.0 | ||
| 008 | 008 250505s9999 xx 000 0 eng d | ||
| 020 | _a1-85396-439-5 | ||
| 037 | _aBooks to be hide in OPAC | ||
| 040 |
_aFEDL _beng _cFEDL |
||
| 041 |
_aeng _2eng |
||
| 084 |
_a370.954, IND/O _qFEDL |
||
| 100 |
_aAndrson G _9759282 |
||
| 245 | 0 | _a10th Quinquennial review. Vol 2(1927-1932) | |
| 260 | _c1940 | ||
| 300 | _avii,244p. | ||
| 942 |
_cHB _h370.954, IND/O |
||
| 999 |
_c1330188 _d1330188 |
||